| 000 | 00979ngm a22003610a 4500 | ||
|---|---|---|---|
| 001 | PT35850 | ||
| 003 | AR-LpoUNG | ||
| 005 | 20210201232318.0 | ||
| 007 | co ||u|||uuuuu | ||
| 008 | 191001s2009||||sp |||||||||||||||||spa d | ||
| 040 |
_aAR-LpoUNG _bspa _cAR-LpoUNG _eaacr |
||
| 041 | _aspa | ||
| 044 | _asp | ||
| 082 | 0 | _a304.846 08 438esp | |
| 100 | 1 | _aSallé Alonso, Angeles | |
| 245 | 1 | 3 |
_aLa emigración Española en América : _bhistorias y lecciones para el futuro |
| 260 |
_aBarcelona : _bFundación Directa, _c2009. |
||
| 505 | 0 | _aAcompaña al impreso | |
| 650 | 4 | _aAMERICA LATINA | |
| 650 | 4 | _aEMIGRACION | |
| 650 | 4 | _aEMIGRANTES | |
| 650 | 4 | _aESPAÑA | |
| 650 | 4 | _aHISTORIA | |
| 650 | 4 | _aINMIGRACION | |
| 650 | 4 | _aINMIGRANTES | |
| 650 | 4 | _aINVESTIGACION | |
| 650 | 4 | _aMIGRACION INTERNACIONAL | |
| 650 | 4 | _aMIGRACION LABORAL | |
| 651 | 4 | _aMundial | |
| 710 | 2 | _aEspaña. Ministerio de Trabajo e inmigración | |
| 905 | _a35850 | ||
| 942 | _cCDDVD | ||
| 999 |
_c53328 _d53328 |
||